000 00271nam a2200109Ia 4500
008 191206s9999 xx 000 0 und d
090 _aPZ3.G358D36
245 0 _aDead souls
260 _cc1965
300 _a1 v. (theater program).
999 _c15788
_d15788